[Event "FRA-chT1 0910"]
[Site "France"]
[Date "2009.12.13"]
[Round "7.5"]
[White "Schabanel, Stephane"]
[Black "Hardier, Bertrand"]
[Result "1/2-1/2"]
[WhiteElo "2246"]
[BlackElo "2173"]
[PlyCount "89"]
[EventDate "2009.09.27"]
[EventType "team-match"]
[EventRounds "11"]
[EventCountry "FRA"]
[SourceDate "2009.07.26"]

1. d4 d5 2. c4 c6 3. Nf3 Nf6 4. Nc3 e6 5. Bg5 Be7 6. e3 Nbd7 7. Rc1 O-O 8. Bd3
Re8 9. O-O Nf8 10. Ne5 N6d7 11. Bxe7 Qxe7 12. f4 f6 13. Nf3 Nb6 14. c5 Nbd7 15.
e4 b6 16. Re1 bxc5 17. exd5 cxd5 18. Nxd5 Qd6 19. dxc5 Qxd5 20. Bxh7+ Nxh7 21.
Qxd5 exd5 22. Rxe8+ Kf7 23. Rce1 Ne5 24. Rd8 Nc6 25. Rxd5 Nf8 26. Rd6 Bb7 27.
b4 Nxb4 28. Rb1 a5 29. Nd4 Be4 30. Rb3 Rc8 31. a3 Nd3 32. Rc3 Rxc5 33. Rxc5
Nxc5 34. g3 Ke7 35. Rb6 Nfd7 36. Rb5 a4 37. Kf2 Kd6 38. Ke3 f5 39. Ne2 Bd3 40.
Rb4 Nf6 41. Nc3 Be4 42. Kd4 Bc6 43. Nb5+ Bxb5 44. Rxb5 Nfd7 45. Rb1 1/2-1/2

[Event "FRA-chT1 0910"]
[Site "France"]
[Date "2009.12.13"]
[Round "7.7"]
[White "Lohou, Stephane"]
[Black "Silvert, Alexandre"]
[Result "1/2-1/2"]
[WhiteElo "2181"]
[BlackElo "1979"]
[PlyCount "48"]
[EventDate "2009.09.27"]
[EventType "team-match"]
[EventRounds "11"]
[EventCountry "FRA"]
[SourceDate "2009.07.26"]

1. e4 e6 2. d4 d5 3. Nc3 Nf6 4. Bg5 Be7 5. e5 Ng8 6. h4 h6 7. Be3 a6 8. Qg4 Bf8
9. h5 c5 10. dxc5 Nc6 11. Nf3 Nge7 12. Bd3 Qa5 13. a3 Nf5 14. Bxf5 exf5 15. Qa4
Be6 16. Qxa5 Nxa5 17. b4 Nc4 18. Bd4 g5 19. Nd2 O-O-O 20. Nxc4 dxc4 21. Ne2 Bg7
22. f4 Bd5 23. O-O gxf4 24. c3 Rhe8 1/2-1/2

[Event "FRA-chT1 0910"]
[Site "France"]
[Date "2009.12.13"]
[Round "7.8"]
[White "Tissot, Alice"]
[Black "Cochet, Caroline"]
[Result "1/2-1/2"]
[WhiteElo "1856"]
[BlackElo "2032"]
[PlyCount "29"]
[EventDate "2009.09.27"]
[EventType "team-match"]
[EventRounds "11"]
[EventCountry "FRA"]
[SourceDate "2009.07.26"]

1. e4 c5 2. Nf3 Nc6 3. c3 Nf6 4. e5 Nd5 5. d4 cxd4 6. cxd4 g6 7. Bc4 Nb6 8. Bb3
Bg7 9. O-O O-O 10. Ng5 d6 11. e6 Nxd4 12. Nxf7 Qc7 13. Nh6+ Kh8 14. Nf7+ Kg8
15. Nh6+ 1/2-1/2

[Event "FRA-chT1 0910"]
[Site "France"]
[Date "2009.12.13"]
[Round "7.3"]
[White "Acher, Mathieu"]
[Black "Battaglini, Gabriel"]
[Result "0-1"]
[WhiteElo "2345"]
[BlackElo "2398"]
[PlyCount "37"]
[EventDate "2009.09.27"]
[EventType "team-match"]
[EventRounds "11"]
[EventCountry "FRA"]
[SourceDate "2009.07.26"]

1. e4 c6 2. d4 d5 3. e5 c5 4. dxc5 e6 5. Nf3 Bxc5 6. Bd3 f5 7. h4 Nc6 8. c3 a5
9. a4 Qc7 10. Qc2 Nh6 11. Na3 Ng4 12. Nb5 Qb6 13. O-O O-O 14. Bf4 Bd7 15. Nh2
h5 16. Nxg4 fxg4 17. Qd2 Rxf4 18. Qxf4 Rf8 19. Qg3 {suite illisible} 0-1

[Event "FRA-chT1 0910"]
[Site "France"]
[Date "2009.12.13"]
[Round "7.4"]
[White "Bafounta, Denis"]
[Black "Goldgewicht, Lionel"]
[Result "1-0"]
[WhiteElo "2265"]
[BlackElo "2360"]
[PlyCount "97"]
[EventDate "2009.09.27"]
[EventType "team-match"]
[EventRounds "11"]
[EventCountry "FRA"]
[SourceDate "2009.07.26"]

1. d4 e6 2. c4 f5 3. g3 Nf6 4. Bg2 Be7 5. Nf3 d6 6. O-O O-O 7. b4 Qe8 8. Bb2
Qh5 9. Nbd2 Nbd7 10. Qb3 Kh8 11. a4 g5 12. Qe3 g4 13. Ng5 Nd5 14. cxd5 Bxg5 15.
Qc3 exd5 16. Bxd5 c6 17. Bg2 d5 18. b5 Rf6 19. Nb3 Rh6 20. f4 Be7 21. bxc6 bxc6
22. Na5 Nb8 23. Kf2 Bd7 24. Ba3 Qe8 25. Qb2 Bxa3 26. Rxa3 Qc8 27. Re3 Re6 28.
Qb3 Qc7 29. Qb2 Na6 30. Qc3 Rxe3 31. Kxe3 Re8+ 32. Kf2 Qb6 33. Nb3 Nb4 34. Nc5
Bc8 35. a5 Qb5 36. Re1 Ba6 37. Bf1 Qc4 38. Qb2 Rb8 39. Qd2 Bb5 40. Qe3 Ra8 41.
Qe5+ Kg8 42. Qe6+ Kg7 43. Qe7+ Kg6 44. Qg5+ Kf7 45. Qxf5+ Kg8 46. Qe6+ Kg7 47.
Qe7+ Kg6 48. f5+ Kh6 49. Qf6+ 1-0

[Event "FRA-chT1 0910"]
[Site "France"]
[Date "2009.12.13"]
[Round "7.6"]
[White "Brih, Said"]
[Black "Muller, Anne"]
[Result "0-1"]
[WhiteElo "2343"]
[BlackElo "2196"]
[PlyCount "103"]
[EventDate "2009.09.27"]
[EventType "team-match"]
[EventRounds "11"]
[EventCountry "FRA"]
[SourceDate "2009.07.26"]

1. Nf3 Nf6 2. b3 e6 3. Bb2 c5 4. e3 Be7 5. Be2 O-O 6. c4 b6 7. d3 Bb7 8. Nbd2
d5 9. cxd5 Nxd5 10. O-O Nc6 11. a3 Bf6 12. Bxf6 Qxf6 13. Ne4 Qe7 14. Qc2 Rac8
15. Rac1 Rfd8 16. Qb1 h6 17. Rfd1 Nf6 18. Ng3 Rd7 19. b4 cxb4 20. axb4 Nxb4 21.
Rxc8+ Bxc8 22. Rc1 Bb7 23. Ne5 Rd8 24. Rc4 a5 25. Qc1 Ne8 26. Bh5 g6 27. Be2
Bd5 28. Rf4 Nd6 29. Qb2 Ba8 30. Ng4 Nd5 31. Rf3 Kh7 32. e4 f5 33. Nxh6 Qg7 34.
e5 Nf7 35. Ngxf5 exf5 36. Nxf5 gxf5 37. Rxf5 Nh6 38. Rf3 Rc8 39. Rg3 Qc7 40.
Qd4 Nc3 41. Bf1 a4 42. e6 Qe7 43. Qe3 a3 44. d4 Be4 45. Qe1 Qxe6 46. Rxc3 Rxc3
47. Qxc3 a2 48. h3 Nf5 49. Bc4 Bd5 50. Bd3 Bb7 51. Kh2 Qd6+ 52. g3 0-1

[Event "FRA-chT1 0910"]
[Site "France"]
[Date "2009.12.13"]
[Round "7.5"]
[White "Canneva, Florian"]
[Black "Nass, Emile"]
[Result "1-0"]
[WhiteElo "2095"]
[BlackElo "2224"]
[PlyCount "57"]
[EventDate "2009.09.27"]
[EventType "team-match"]
[EventRounds "11"]
[EventCountry "FRA"]
[SourceDate "2009.07.26"]

1. e4 e6 2. d4 d5 3. Nc3 Nf6 4. Bg5 Bb4 5. e5 h6 6. Bd2 Bxc3 7. bxc3 Ne4 8. Qg4
g6 9. h4 c5 10. Qf4 Nc6 11. Nf3 Qa5 12. Bd3 Nxd2 13. Qxd2 c4 14. Be2 Qa3 15.
Nh2 b5 16. Ng4 Qb2 17. Nf6+ Kd8 18. O-O b4 19. Qf4 Bd7 20. Nxd7 Kxd7 21. Qxf7+
Kd8 22. Qxe6 Ne7 23. Bg4 Ke8 24. f4 Qxc3 25. Qd7+ Kf8 26. f5 Qxd4+ 27. Kh1 gxf5
28. Rxf5+ Kg8 29. Qe6+ 1-0

[Event "FRA-chT1 0910"]
[Site "France"]
[Date "2009.12.13"]
[Round "7.4"]
[White "Colovic, Aleksandar"]
[Black "Monsieux, Cyril"]
[Result "1-0"]
[WhiteElo "2441"]
[BlackElo "2302"]
[PlyCount "76"]
[EventDate "2009.09.27"]
[EventType "team-match"]
[EventRounds "11"]
[EventCountry "FRA"]
[SourceDate "2009.07.26"]

1. d4 Nf6 2. c4 e6 3. g3 Be7 4. Bg2 O-O 5. e4 d6 6. Nc3 c5 7. d5 exd5 8. cxd5
Re8 9. Nge2 Bf8 10. O-O b5 11. Qc2 a6 12. b3 Nbd7 13. Bb2 Nb6 14. Rae1 Ra7 15.
a4 b4 16. Nd1 a5 17. Ne3 Ng4 18. Nc4 Nxc4 19. bxc4 Ba6 20. Nc1 Nf6 21. f4 Nd7
22. Nb3 Bc8 23. e5 Nb6 24. Nd2 Bd7 25. Ra1 Qb8 26. Ne4 dxe5 27. Ng5 g6 28. fxe5
Rxe5 29. Ne4 Bf5 30. Nf6+ Kg7 31. Rxf5 gxf5 32. Rf1 Be7 33. Nh5+ Kf8 34. Rxf5
b3 35. Rxf7+ Kxf7 36. Qxh7+ Ke8 37. Nf6+ Bxf6 38. Qg8+ Kd7 1-0

[Event "FRA-chT1 0910"]
[Site "France"]
[Date "2009.12.13"]
[Round "7.8"]
[White "Dacalor, Aurelie"]
[Black "Brih, Touatia"]
[Result "0-1"]
[WhiteElo "2003"]
[BlackElo "1958"]
[PlyCount "70"]
[EventDate "2009.09.27"]
[EventType "team-match"]
[EventRounds "11"]
[EventCountry "FRA"]
[SourceDate "2009.07.26"]

1. d4 d5 2. c4 c6 3. Nc3 Nf6 4. Nf3 g6 5. h3 Bg7 6. Bf4 O-O 7. e3 Qb6 8. Qd2
Bf5 9. Rc1 Ne4 10. Nxe4 Bxe4 11. c5 Qd8 12. Qb4 Nd7 13. Nd2 e5 14. dxe5 Nxe5
15. Nxe4 dxe4 16. Bxe5 Bxe5 17. Rd1 Qf6 18. Bc4 Bxb2 19. O-O Qc3 20. Qxc3 Bxc3
21. Rd7 b5 22. cxb6 axb6 23. Re7 b5 24. Bb3 c5 25. Bd5 Ra4 26. Rb1 Bf6 27. Rxe4
Rxe4 28. Bxe4 b4 29. Bd5 Rd8 30. e4 Bd4 31. Kf1 Kg7 32. Bc4 Ra8 33. Ke1 Ra3 34.
Bb3 Kf6 35. f3 Ra7 {suite illisible} 0-1

[Event "FRA-chT1 0910"]
[Site "France"]
[Date "2009.12.13"]
[Round "7.3"]
[White "De Labaca, Romuald"]
[Black "Riff, Vincent"]
[Result "1/2-1/2"]
[WhiteElo "2212"]
[BlackElo "2328"]
[PlyCount "39"]
[EventDate "2009.09.27"]
[EventType "team-match"]
[EventRounds "11"]
[EventCountry "FRA"]
[SourceDate "2009.07.26"]

1. e4 c5 2. Nf3 Nc6 3. Bb5 d6 4. O-O Bd7 5. c3 Nf6 6. Re1 a6 7. Ba4 b5 8. Bc2
Bg4 9. h3 Bh5 10. d3 e6 11. Nbd2 Be7 12. Nf1 Ne5 13. g4 Nxf3+ 14. Qxf3 Bg6 15.
Ng3 Nd7 16. Nf5 O-O 17. Nxe7+ Qxe7 18. Bf4 e5 19. Be3 f6 20. Qg3 1/2-1/2

[Event "FRA-chT1 0910"]
[Site "France"]
[Date "2009.12.13"]
[Round "7.2"]
[White "Dobrev, Nanko"]
[Black "Vajda, Levente"]
[Result "1-0"]
[WhiteElo "2377"]
[BlackElo "2557"]
[Annotator "RR"]
[PlyCount "75"]
[EventDate "2009.09.27"]
[EventType "team-match"]
[EventRounds "11"]
[EventCountry "FRA"]
[SourceDate "2009.07.26"]
[WhiteTeam "Grasse Echecs"]
[BlackTeam "Belfort"]

1. d4 Nf6 2. Nf3 g6 3. c4 Bg7 4. Nc3 O-O 5. e4 d6 6. Be2 e5 7. O-O Nc6 8. d5
Ne7 9. b4 a5 10. Ba3 axb4 11. Bxb4 Nd7 12. a4 Bh6 13. Nd2 {[%cal Gd2b3,Gc4c5]}
(13. a5) 13... f5 14. a5 Kh8 15. Nb3 (15. Bd3 $142 {[%csl Ge4]}) 15... Nf6 16.
Bf3 (16. f3) 16... fxe4 17. Nxe4 Nf5 {[%csl Rd4][%cal Gf5d4]} 18. c5 $1 $146 ({
RR} 18. g3 Bd7 19. Bg2 Nxe4 20. Bxe4 Bg7 21. Qd3 Qe8 22. Bc3 Nh6 23. Nd2 Ng4
24. Bg2 g5 25. f3 Nf6 26. Ne4 Qg6 27. Rab1 Bc8 28. Qe3 Nxe4 29. fxe4 Rxf1+ 30.
Rxf1 g4 31. Bd2 Kg8 32. Rb1 Bf8 {Christ,R (2272)-Fruebing,S (2313)/Germany
2008/EXT 2009/1/2-1/2 (71)}) 18... Nxe4 19. Bxe4 Bd7 20. Qd3 {[%cal Gf1b1]} Qe8
{[%csl Rf1][%cal Gd7b5,Gb5f1]} 21. Rfb1 (21. Rfe1 {[%csl Ge4]}) 21... Bb5 22.
Qh3 Bg7 23. Ra3 Qf7 24. Nd2 Nd4 $132 {[%csl Gd4]} 25. Kh1 (25. cxd6 cxd6 26.
Nf3 (26. Bxd6 Qxf2+) 26... Rad8) 25... Bd7 26. Qe3 (26. Qd3 Qxf2 27. cxd6 cxd6
28. Bxd6 Bb5 $1 {[%csl Rd3]}) 26... Qxf2 27. cxd6 Nb5 $2 (27... Qxe3) 28. dxc7
Nxa3 29. Qxa3 Rf4 30. Qd3 h5 31. Qg3 Bf8 32. Bc3 Bg7 33. Qxg6 Bf5 34. Bxf5 Rxf5
35. Qe6 h4 36. c8=Q+ Rxc8 37. Qxc8+ Kh7 38. h3 1-0

[Event "FRA-chT1 0910"]
[Site "France"]
[Date "2009.12.13"]
[Round "7.7"]
[White "Ershov, Ruslan"]
[Black "Guerin, Gilles"]
[Result "0-1"]
[WhiteElo "1919"]
[BlackElo "2224"]
[PlyCount "58"]
[EventDate "2009.09.27"]
[EventType "team-match"]
[EventRounds "11"]
[EventCountry "FRA"]
[SourceDate "2009.07.26"]

1. d4 Nf6 2. c4 d6 3. Nc3 Nbd7 4. Nf3 e5 5. dxe5 dxe5 6. Bg5 c6 7. e3 Qa5 8.
Bxf6 Nxf6 9. Qa4 Qxa4 10. Nxa4 Bb4+ 11. Nc3 Ne4 12. a3 Bxc3+ 13. bxc3 f6 14.
Bd3 Nc5 15. Be2 Bf5 16. O-O-O Ke7 17. Kb2 g5 18. h4 a6 19. Nd2 Rad8 20. f3 Na4+
21. Kb3 Nc5+ 22. Kb2 Bd3 23. Bf1 gxh4 24. Nb3 Na4+ 25. Kc1 Bxf1 26. Rdxf1 Rd3
27. Na5 Rxc3+ 28. Kb1 Rd8 29. Rxh4 Rd2 0-1

[Event "FRA-chT1 0910"]
[Site "France"]
[Date "2009.12.13"]
[Round "7.6"]
[White "Genova, Liubka"]
[Black "Giroyan, Gary"]
[Result "1/2-1/2"]
[WhiteElo "2263"]
[BlackElo "2176"]
[PlyCount "59"]
[EventDate "2009.09.27"]
[EventType "team-match"]
[EventRounds "11"]
[EventCountry "FRA"]
[SourceDate "2009.07.26"]

1. e4 c5 2. Nf3 d6 3. Bb5+ Nc6 4. O-O Bd7 5. Re1 Nf6 6. c3 a6 7. Ba4 b5 8. Bc2
Bg4 9. h3 Bh5 10. d3 e6 11. Nbd2 d5 12. Qe2 Be7 13. Nf1 O-O 14. Ng3 Bg6 15. Nh4
Nd7 16. Nxg6 hxg6 17. f4 Bh4 18. Qf3 Re8 19. Be3 d4 20. Bf2 Nb6 21. Rac1 Rc8
22. Qg4 Bf6 23. Ne2 Qd7 24. Red1 Red8 25. h4 e5 26. Qxd7 Rxd7 27. cxd4 exd4 28.
b3 Rcd8 29. Bb1 Be7 30. Ng3 1/2-1/2

[Event "FRA-chT1 0910"]
[Site "France"]
[Date "2009.12.13"]
[Round "7.6"]
[White "Gouanelle, Franck"]
[Black "Van Hoolandt, Patrick"]
[Result "1/2-1/2"]
[WhiteElo "2190"]
[BlackElo "2211"]
[PlyCount "81"]
[EventDate "2009.09.27"]
[EventType "team-match"]
[EventRounds "11"]
[EventCountry "FRA"]
[SourceDate "2009.07.26"]

1. d4 Nf6 2. c4 e6 3. Nf3 d5 4. g3 dxc4 5. Bg2 a6 6. a4 Nc6 7. O-O Rb8 8. Bg5
Be7 9. e3 b5 10. Nfd2 Nd5 11. Bxe7 Qxe7 12. b3 Qb4 13. Qc2 Na5 14. bxc4 Nxc4
15. Nxc4 Qxc4 16. Qxc4 bxc4 17. Rc1 Rb4 18. Bf1 Bd7 19. Rxc4 a5 20. Rc5 Rxa4
21. Rxa4 Bxa4 22. e4 Nf6 23. Rxc7 O-O 24. Nc3 Bc2 25. e5 Ne4 26. Bg2 Nxc3 27.
Rxc3 Bd1 28. d5 exd5 29. Bxd5 a4 30. Kf1 Bg4 31. f3 Rc8 32. Rxc8+ Bxc8 33. Ke1
a3 34. Kd2 Bb7 35. Ba2 Bxf3 36. Kc3 Kf8 37. Kb4 Ke7 38. Kxa3 Bg4 39. Kb4 Be6
40. Bb1 Bc8 41. Kc5 1/2-1/2

[Event "FRA-chT1 0910"]
[Site "France"]
[Date "2009.12.13"]
[Round "7.4"]
[White "Hamdouchi, Adina Maria"]
[Black "Bressac, Stephane"]
[Result "1-0"]
[WhiteElo "2314"]
[BlackElo "2144"]
[PlyCount "115"]
[EventDate "2009.09.27"]
[EventType "team-match"]
[EventRounds "11"]
[EventCountry "FRA"]
[SourceDate "2009.07.26"]

1. d4 d5 2. Bf4 Nf6 3. e3 c5 4. c3 Nc6 5. Nf3 Qb6 6. Qc1 Nh5 7. Bg5 h6 8. Bh4
g5 9. Bg3 Bf5 10. Nbd2 Bg7 11. dxc5 Qxc5 12. Nb3 Qb6 13. Qd2 Rd8 14. Bd3 Bxd3
15. Qxd3 O-O 16. Qe2 e5 17. Nfd2 Nxg3 18. hxg3 a5 19. a4 e4 20. Qb5 Qa7 21. Nd4
Nxd4 22. cxd4 f5 23. Rc1 b6 24. Rc6 f4 25. Qxb6 Qd7 26. Rc7 Qf5 27. g4 Qxg4 28.
Qb7 Bh8 29. Rxh6 Qf5 30. Rhh7 Qf6 31. Rc6 Qf5 32. Rcc7 Qf6 33. Nxe4 Qg6 34. Nd2
fxe3 35. fxe3 Rd6 36. Rcd7 Rc6 37. Rhe7 Rc1+ 38. Ke2 Qh5+ 39. Kd3 Qg6+ 40. Ke2
Qh5+ 41. Kd3 Qg6+ 42. e4 dxe4+ 43. Rxe4 Bf6 44. Qd5+ Kh8 45. g4 Qh6 46. Re3 Rd1
47. Qg2 Kg8 48. Qf3 Rh1 49. Qd5+ Kh8 50. Qxa5 Bg7 51. Rd5 Qg6+ 52. Ne4 Rd1+ 53.
Kc2 Rxd4 54. Rh3+ Kg8 55. Rxd4 Bxd4 56. Qd5+ Qf7 57. Qxd4 Rc8+ 58. Nc3 1-0

[Event "FRA-chT1 0910"]
[Site "France"]
[Date "2009.12.13"]
[Round "7.2"]
[White "Ider, Borya"]
[Black "Ludwig, Remi"]
[Result "1-0"]
[WhiteElo "2276"]
[BlackElo "2205"]
[PlyCount "75"]
[EventDate "2009.09.27"]
[EventType "team-match"]
[EventRounds "11"]
[EventCountry "FRA"]
[SourceDate "2009.07.26"]

1. Nf3 Nf6 2. d4 c5 3. g3 d5 4. Bg2 cxd4 5. Nxd4 e5 6. Nf3 Nc6 7. c4 d4 8. O-O
Be7 9. e3 O-O 10. exd4 exd4 11. a3 a5 12. b3 Qb6 13. Bb2 Rd8 14. Re1 d3 15. Nc3
Bc5 16. Rf1 Ng4 17. Ne4 Nd4 18. Nxd4 Bxd4 19. Ra2 Qh6 20. h4 Ne5 21. Bxd4 Rxd4
22. Qa1 Nc6 23. Nc3 Bg4 24. Nd5 Rd8 25. Ne3 d2 26. Bd5 Be2 27. Rd1 Bxd1 28.
Qxd1 Qg6 29. Rxd2 Rxd2 30. Qxd2 Ne5 31. Qxa5 b6 32. Qc3 Qb1+ 33. Kg2 Nd3 34.
Qd4 Ne1+ 35. Kh3 Rf8 36. Be4 Qxb3 37. Nf5 f6 38. Qd7 1-0

[Event "FRA-chT1 0910"]
[Site "France"]
[Date "2009.12.13"]
[Round "7.1"]
[White "Istratescu, Andrei"]
[Black "Fargere, Francois"]
[Result "1-0"]
[WhiteElo "2624"]
[BlackElo "2501"]
[PlyCount "117"]
[EventDate "2009.09.27"]
[EventType "team-match"]
[EventRounds "11"]
[EventCountry "FRA"]
[SourceDate "2009.07.26"]
[WhiteTeam "Belfort"]
[BlackTeam "Grasse Echecs"]

1. e4 c5 2. Nf3 d6 3. Bb5+ Bd7 4. c4 Nf6 5. Nc3 g6 6. O-O Bg7 7. Bxd7+ Nfxd7 8.
d4 cxd4 9. Nxd4 Nc6 10. Be3 O-O 11. h3 Nc5 12. Rc1 a6 13. Qd2 Rb8 14. Rfd1 Qa5
15. b3 Rfc8 16. Qe2 Ne6 17. Nxe6 fxe6 18. Bd2 Qe5 19. f4 Qf6 20. Be3 Bh6 21.
Rf1 Bg7 22. Kh1 Kh8 23. Na4 Nd4 24. Qd3 Nc6 25. Nb6 Rd8 26. a3 a5 27. Rf2 Qh4
28. Kh2 e5 29. g3 Qh5 30. f5 Nd4 31. Rcf1 gxf5 32. exf5 Nc6 33. Qd2 Rg8 34. g4
Qf7 35. Qd5 Qxd5 36. Nxd5 Bf6 37. Nxf6 exf6 38. Rd1 h5 39. g5 fxg5 40. Rxd6 g4
41. Rg2 Rg7 42. Rh6+ Rh7 43. hxg4 hxg4 44. Rxg4 Rf8 45. Rxh7+ Kxh7 46. Rg5 Nd4
47. Bxd4 exd4 48. Kg3 d3 49. Kf4 d2 50. Rg1 Rd8 51. Rd1 Rd3 52. Ke4 Rxb3 53.
Rxd2 Kg7 54. Rd3 a4 55. c5 Kf6 56. Rd6+ Ke7 57. Rb6 Kf7 58. Rxb3 axb3 59. Kd3
1-0

[Event "FRA-chT1 0910"]
[Site "France"]
[Date "2009.12.13"]
[Round "7.7"]
[White "Kerbrat, Julien"]
[Black "Riff, Sebastien"]
[Result "0-1"]
[WhiteElo "2185"]
[BlackElo "2283"]
[PlyCount "124"]
[EventDate "2009.09.27"]
[EventType "team-match"]
[EventRounds "11"]
[EventCountry "FRA"]
[SourceDate "2009.07.26"]

1. e4 c5 2. Nf3 e6 3. d3 Nc6 4. Nbd2 d6 5. g3 g6 6. Bg2 Bg7 7. O-O Nge7 8. Nh4
O-O 9. f4 f5 10. a4 Rb8 11. c3 a6 12. Re1 b5 13. axb5 axb5 14. Nf1 Kh8 15. Ne3
d5 16. Qc2 Qd6 17. Nf3 Bb7 18. e5 Qd7 19. d4 cxd4 20. cxd4 Rfc8 21. Qb3 b4 22.
Qd3 Qc7 23. Ng5 Nd8 24. Bd2 Qb6 25. b3 Ra8 26. Bf1 Nec6 27. Nf3 Ra3 28. Nc2 Ba6
29. Qe3 Rxa1 30. Rxa1 Bxf1 31. Kxf1 Bf8 32. Qd3 Be7 33. Ra6 Qc7 34. Nfe1 Qb7
35. Ra4 Ra8 36. Rxa8 Qxa8 37. Qb5 Qa2 38. Qd3 Kg7 39. h4 Nb7 40. Qb5 Nba5 41.
Nxb4 Qxb3 42. Ned3 Qd1+ 43. Be1 Nxd4 44. Nf2 Qxe1+ 45. Kxe1 Nxb5 46. Nbd3 Nc3
47. Nh1 Nc4 48. Kf2 Ne4+ 49. Kf3 h5 50. Nhf2 Ncd2+ 51. Ke2 Nxf2 52. Kxf2 Ne4+
53. Kf3 Kf7 54. Nc1 Ke8 55. Nb3 Kd7 56. Kg2 Bc5 57. Nc1 Kc6 58. Kf3 Bf2 59. Ne2
Bxg3 60. Nxg3 Nxg3 61. Kxg3 Kc5 62. Kf3 Kd4 0-1

[Event "FRA-chT1 0910"]
[Site "France"]
[Date "2009.12.13"]
[Round "7.7"]
[White "Lebel, Patrick"]
[Black "Dubessay, Bastien"]
[Result "0-1"]
[WhiteElo "2114"]
[BlackElo "2167"]
[PlyCount "66"]
[EventDate "2009.09.27"]
[EventType "team-match"]
[EventRounds "11"]
[EventCountry "FRA"]
[SourceDate "2009.07.26"]

1. b4 e5 2. Bb2 Bxb4 3. Bxe5 Nf6 4. Nf3 O-O 5. e3 d5 6. Be2 Bd6 7. Bxd6 Qxd6 8.
O-O Bf5 9. d3 c5 10. Nbd2 Nc6 11. c4 dxc4 12. Nxc4 Qe7 13. Qb3 Rfd8 14. Rfd1 h6
15. Qb2 Rab8 16. d4 Be4 17. dxc5 Qxc5 18. Nce5 Nxe5 19. Nxe5 Re8 20. Nf3 Bc6
21. Nd4 Be4 22. Qb5 Rec8 23. Qxc5 Rxc5 24. Rdc1 Rbc8 25. Nb3 Rc2 26. Rxc2 Rxc2
27. Nd4 Rc5 28. f3 Bg6 29. e4 Ra5 30. Kf2 Nd7 31. Ke3 f6 32. Bc4+ Bf7 33. Bxf7+
Kxf7 0-1

[Event "FRA-chT1 0910"]
[Site "France"]
[Date "2009.12.13"]
[Round "7.4"]
[White "Lerch, Patrice"]
[Black "Marino, Olivier"]
[Result "1-0"]
[WhiteElo "2316"]
[BlackElo "2111"]
[PlyCount "73"]
[EventDate "2009.09.27"]
[EventType "team-match"]
[EventRounds "11"]
[EventCountry "FRA"]
[SourceDate "2009.07.26"]

1. e4 c6 2. Nc3 d5 3. d3 dxe4 4. Nxe4 Nf6 5. Qe2 Bf5 6. Nxf6+ gxf6 7. Nf3 Qc7
8. Bd2 Nd7 9. Nh4 Bg6 10. f4 f5 11. Bc3 Rg8 12. g3 O-O-O 13. O-O-O e6 14. Bg2
Bd6 15. Kb1 Rde8 16. Rhe1 Be7 17. Nxg6 hxg6 18. b3 Bf6 19. d4 Rd8 20. Bb2 g5
21. fxg5 Bxg5 22. c4 Nb6 23. d5 exd5 24. Be5 Qe7 25. Qf2 dxc4 26. Qxf5+ Qe6 27.
Bh3 Nd7 28. Qxe6 fxe6 29. Bxe6 Rge8 30. Bf5 cxb3 31. axb3 Rf8 32. g4 Bf6 33.
Bxf6 Rxf6 34. Re7 Rxf5 35. gxf5 Ne5 36. Rxd8+ Kxd8 37. f6 1-0

[Event "FRA-chT1 0910"]
[Site "France"]
[Date "2009.12.13"]
[Round "7.7"]
[White "Macarry, Elodie"]
[Black "Minet, Steve"]
[Result "0-1"]
[WhiteElo "1892"]
[BlackElo "2166"]
[PlyCount "60"]
[EventDate "2009.09.27"]
[EventType "team-match"]
[EventRounds "11"]
[EventCountry "FRA"]
[SourceDate "2009.07.26"]

1. e4 e6 2. d4 c5 3. d5 Nf6 4. Nc3 d6 5. Nf3 exd5 6. exd5 Be7 7. Be2 O-O 8. O-O
Bg4 9. Re1 a6 10. h3 Bh5 11. Bf4 b5 12. Qd2 Nbd7 13. Ng5 Bg6 14. Bf3 Nb6 15.
Nge4 b4 16. Nxf6+ Bxf6 17. Nd1 Nc4 18. Qc1 Re8 19. Rf1 Be4 20. Bxe4 Rxe4 21. c3
Qa5 22. a3 b3 23. Rb1 Rae8 24. g3 Re1 25. Rxe1 Rxe1+ 26. Kg2 Qb5 27. Bd2 Nxd2
28. Qxd2 Qf1+ 29. Kf3 Qh1+ 30. Kg4 h5+ 0-1

[Event "FRA-chT1 0910"]
[Site "France"]
[Date "2009.12.13"]
[Round "7.2"]
[White "Martin Gonzalez, Angel"]
[Black "Suarez Real, Alberto"]
[Result "0-1"]
[WhiteElo "2369"]
[BlackElo "2395"]
[PlyCount "70"]
[EventDate "2009.09.27"]
[EventType "team-match"]
[EventRounds "11"]
[EventCountry "FRA"]
[SourceDate "2009.07.26"]
[WhiteTeam "Montpellier"]
[BlackTeam "Nice"]

1. e4 c5 2. Nf3 Nc6 3. d4 cxd4 4. Nxd4 Nf6 5. Nc3 e5 6. Ndb5 d6 7. Bg5 a6 8.
Na3 b5 9. Bxf6 gxf6 10. Nd5 f5 11. c3 Bg7 12. Bd3 Be6 13. Nxb5 axb5 14. Bxb5
Rc8 15. Nb4 Bd7 16. Qxd6 Nxb4 17. Qxb4 Bxb5 18. Qxb5+ Kf8 $146 ({RR} 18... Qd7
19. Qxd7+ Kxd7 20. exf5 Ke7 21. O-O-O h5 22. Kc2 Rc7 23. Rd5 Kf6 24. Rhd1 Ra8
25. a3 Kxf5 26. Rd7 Rxd7 27. Rxd7 Ke6 28. Rb7 Ra6 29. c4 e4 30. f3 e3 31. Kd3
Bd4 32. Rb5 Rd6 33. Ke2 {Petrukhin,D (2380)-Bocharov,I (2476)/Novosibirsk 2009/
CBM 131 Extra/1/2-1/2 (57)}) 19. exf5 (19. Rd1) 19... Rb8 20. Qc5+ Kg8 21. Rd1
Qg5 22. O-O Qxf5 23. f4 $44 (23. b4 $5 {[%csl Gb4][%cal Gb4b8]}) 23... Bf8 24.
Qd5 Rxb2 25. Rd3 h5 26. Rg3+ Bg7 27. Rg5 (27. fxe5 Qe6 28. Qa8+ {Forçant la
nulle} Kh7 29. Qe4+ Kg8) 27... Qe6 28. Qa8+ Kh7 29. Qe4+ Kh6 30. Qf3 Kh7 31.
Rxh5+ Bh6 32. fxe5 Rg8 33. Qe4+ (33. Qxf7+ Qxf7 34. Rxf7+ Kg6 35. Rhf5 Bg7 36.
g4 $40 {[%csl Rg6][%cal Gh2h4]}) 33... Rg6 34. g3 Kg8 35. Rhf5 Qxa2 {[%csl Rh2]
Perte au temps?} 0-1

[Event "FRA-chT1 0910"]
[Site "France"]
[Date "2009.12.13"]
[Round "7.7"]
[White "Monsieux, Sebastien"]
[Black "Forestier, Flavien"]
[Result "1-0"]
[WhiteElo "2106"]
[BlackElo "2182"]
[PlyCount "39"]
[EventDate "2009.09.27"]
[EventType "team-match"]
[EventRounds "11"]
[EventCountry "FRA"]
[SourceDate "2009.07.26"]

1. d4 Nf6 2. c4 c5 3. d5 b5 4. cxb5 a6 5. bxa6 g6 6. Nc3 Bxa6 7. f4 Bg7 8. Nf3
O-O 9. e4 Bxf1 10. Rxf1 d6 11. Rf2 Nfd7 12. Re2 Na6 13. e5 h6 14. g4 Nb6 15. e6
f5 16. gxf5 gxf5 17. Rg2 Kh7 18. Ng5+ hxg5 19. Qh5+ Kg8 20. Qxg5 1-0

[Event "FRA-chT1 0910"]
[Site "France"]
[Date "2009.12.13"]
[Round "7.5"]
[White "Nelis, Jean Francois"]
[Black "Debray, Christopher"]
[Result "1-0"]
[WhiteElo "2295"]
[BlackElo "2358"]
[PlyCount "54"]
[EventDate "2009.09.27"]
[EventType "team-match"]
[EventRounds "11"]
[EventCountry "FRA"]
[SourceDate "2009.07.26"]

1. d4 Nf6 2. Bg5 d5 3. Bxf6 gxf6 4. e3 e5 5. c3 c5 6. Ne2 Nc6 7. g3 Bg4 8. Bg2
cxd4 9. cxd4 Bb4+ 10. Nbc3 exd4 11. exd4 Qe7 12. f3 Bf5 13. Kf2 O-O-O 14. Rc1
Kb8 15. Qd2 Qd7 16. a3 Bxc3 17. Rxc3 Rhe8 18. Rhc1 Bh3 19. Nf4 Bxg2 20. Kxg2
Qf5 21. Qd3 Qxd3 22. Rxd3 Ne7 23. Kf2 Ng6 24. Nh5 Re6 25. Ng7 Rc8 26. Rdc3 Rxc3
27. Rxc3 Ne7 1-0